Statistics for The Wanted Quiz

Click here to take the quiz!

General Stats

  • This quiz has been taken 780 times
    (778 since last reset)
  • The average score is 12 of 19

Answer Stats

HintAnswer% Correct
Who is the oldest band member?Tom
96%
Which band member was born on 6 September 1988?Max
94%
Which band member was born in 1993?Nathan
94%
What month was Jay born in?July
84%
What month was Tom born in?August
82%
Which band member is vegetarian?Jay
76%
What year was Siva born in?1988
73%
What city did Max grow up in?Manchester
68%
What instrument does Tom play?Guitar
63%
What town did Tom grow up in?Bolton
60%
What town did Nathan grow up in?Gloucester
60%
What city did SIva grow up in?Dublin
53%
What is the name of their second album (UK)?Battleground
50%
What is the name of Siva's twin brother?Kumar
45%
Which football team does Max support?Manchester City
43%
What type of dance can Jay do?Tap
39%
What county did Jay grow up in?Nottinghamshire
29%
Which theatre school did Nathan go to?Sylvia Young
27%
Which children's TV show did Siva and his twin appear on in one episode?Uncle Max
15%

Score Distribution

Percentile by Number Answered

Percent of People with Each Score

Your Score History

You have not taken this quiz since the last reset